[Event "Klubbmesterskapet 2024 (A)"]
[Site "Ås, Akershus NOR"]
[Date "2024.03.21"]
[Round "6"]
[White "Furnes, Torstein"]
[Black "Johansen, Anders Sten"]
[Result "1-0"]
[WhiteElo "1806"]
[BlackElo "1825"]
[Annotator "Furnes,Torstein"]
[PlyCount "129"]
[EventDate "2024.01.25"]

1. d4 d5 2. c4 c6 3. cxd5 cxd5 4. Bf4 Nc6 5. e3 Bf5 6. Qb3 Na5 (6... Qd7 {er det vanligste trekket i denne stillingen i ChessBase.}) 7. Qb5+ ({Stockfish vil heller spille} 7. Bb5+ Nc6 $16) 7... Bd7 8. Qxd5 $6 $17 {Stockfish liker ikke dette bonderovet og vurderer stillingen som -1.2 i svart fordel.} Nf6 9. Qf3 Qb6 10. Qe2 ({Førstevalget til Stockfish er} 10. Qd1 {og vil bare la svart ta b-bonden} Qxb2 11. Nd2) 10... e6 (10... Rc8 $19 {foretrekkes av computeren.}) 11. Nc3 Bb4 12. Qd3 Rc8 (12... Nd5) 13. Rc1 $6 $19 ({Her var det nødvendig å spille} 13. a3 Bxc3+ 14. bxc3) 13... Nd5 14. Nge2 $2 $19 {Svartfordelen er nå oppe i -5 !} Bb5 $17 {Nå faller svartfordelen ned til ca. -1.2.} ({Svart hadde flere avgjørende trekk, men} 14... Nc4 $1 {er rangert høyest.}) 15. Qb1 Bxe2 16. Bxe2 Nxc3 ({Her foretrekker maskinen å slå på c3 med tårnet:} 16... Rxc3 $1 17. bxc3 Nxc3 18. Qc2 Nxa2+ 19. Kf1 Nxc1 20. Qxc1) 17. bxc3 Bxc3+ 18. Kf1 Qxb1 19. Rxb1 $16 {Svart har fått tilbake bonden, men hvit har løperparet. Stockfish vurderer denne stillingen som hvit fordel på ca. +0.75.} O-O 20. Bd3 a6 21. Ke2 b5 22. Rhc1 Rc6 23. Rc2 (23. Be4 {er bedre. F.eks.} Rc4 24. Bd6 Rfc8 25. Bc5 $18) 23... Rfc8 24. Rbc1 b4 25. g4 Nc4 26. Bxc4 Rxc4 27. Bd6 e5 $6 $18 ({Stockfish mener at} 27... a5 {er bedre, selv om svart mister kvalitet etter} 28. Bc5 h6 29. Kd3 R8xc5 30. dxc5 Rxc5) 28. Bxe5 a5 29. Kd3 f6 30. Bd6 R4c6 31. Bc5 Rd8 32. Kc4 Kf7 33. Kb5 Re6 34. Kxa5 Ra8+ (34... b3+ {går ikke} 35. Rxc3 bxa2 36. Ra1) 35. Kb5 Rb8+ 36. Kc4 Re4 37. h3 h5 38. Kd3 Rbe8 39. gxh5 Rh4 40. a3 Bxd4 41. exd4 Rxh3+ 42. Kc4 bxa3 43. Ra1 Rxh5 44. Rxa3 Rd8 45. Re2 g5 46. Ra7+ Kg6 47. Rae7 g4 48. Re8 Rxe8 49. Rxe8 Kf7 50. Re4 f5 51. Re2 f4 52. Bd6 Rf5 53. Re4 g3 54. fxg3 ({Selvsagt ikke} 54. Rxf4 $4 Rxf4 55. Bxf4 $4 gxf2 {og svart får ny dronning}) 54... f3 55. Re1 f2 56. Rf1 Rf3 57. Kd5 Ke8 58. Bf4 Kd7 59. Ke4 Ra3 60. Rxf2 Ra4 61. Be5 Ke6 62. g4 Ra8 63. g5 Rg8 64. Rf6+ Ke7 65. g6 1-0

[Event "Klubbmesterskapet 2024 (A)"]
[Site "Ås, Akershus NOR"]
[Date "2024.03.21"]
[Round "6"]
[White "Holm, Bjarne"]
[Black "Smith, Robert M"]
[Result "0-1"]
[WhiteElo "1821"]
[BlackElo "1698"]
[PlyCount "70"]

1. c4 e6 2. g3 d5 3. cxd5 exd5 4. d4 Nf6 5. Bg2 Bf5 6. Nf3 Bd6 7. Nc3 O-O 8. Qb3 Nc6 9. a3 a6 10. O-O Na5 11. Qd1 c6 12. Nh4 Bg4 13. h3 Bh5 14. Bf3 Bxf3 15. Nxf3 Qd7 16. Kg2 Bc7 17. Ne5 Qe6 18. f4 Nc4 19. Nxc4 dxc4 20. f5 Qe7 21. Bg5 Rad8 22. e4 h6 23. Bh4 Qd7 24. e5 Nd5 25. Qd2 Rde8 26. f6 Nxc3 27. fxg7 Kxg7 28. Bf6+ Kh7 29. Qc2+ Kg8 30. Rf4 Nd5 31. Rh4 Nxf6 32. exf6 Qd5+ 33. Kg1 Qf3 34. Rg4+ Kh8 35. Rg7 Qe3+ 0-1

[Event "Klubbmesterskapet 2024 (B)"]
[Site "Ås, Akershus NOR"]
[Date "2024.03.21"]
[Round "6"]
[White "Hedman, Viktor Mattias Larøi"]
[Black "Ring, Paul Christian"]
[Result "0-1"]
[WhiteElo "1548"]
[BlackElo "1551"]
[PlyCount "92"]
[EventDate "2024.01.25"]

1. e4 e6 2. d4 d5 3. exd5 exd5 4. Nf3 Nf6 5. Bd3 Be7 6. O-O O-O 7. Bf4 c6 8. Nc3 Nh5 9. Be3 Bd6 10. Bxh7+ Kxh7 11. Ng5+ Kg6 12. g4 Nf4 13. h4 f6 14. Bxf4 Bxf4 15. Qd3+ f5 16. Nh3 Bd6 17. g5 Rh8 18. f4 Rxh4 19. Kg2 Bd7 20. Rh1 Bxf4 21. Kf3 Bd6 22. Ne2 Qh8 23. Nhf4+ Bxf4 24. Nxf4+ Kxg5 $2 (24... Kf7 $17) 25. Rag1+ $2 (25. Qe3 $1 $18 Kf6 26. Rae1 Qe8 27. Qe5+ Kf7 28. Rxh4 $18) 25... Kf6 26. Rg6+ Kf7 27. Rhg1 Rh7 28. Qa3 Qe8 29. Qd3 Qe4+ 30. Qxe4 dxe4+ 31. Ke3 Na6 32. c4 Nc7 33. Nh5 Ne6 34. d5 cxd5 35. cxd5 Rxh5 36. dxe6+ Bxe6 37. Rxg7+ Kf6 38. R1g6+ Ke5 39. Re7 Rh3+ 40. Kf2 Rh2+ 41. Kg3 Rxb2 42. Rgxe6+ Kd4 43. Rd7+ Ke3 44. Rf6 Rg8+ 45. Kh3 Kf4 46. Rh7 Rg3+ 0-1

[Event "Klubbmesterskapet 2024 (A)"]
[Site "Ås, Akershus NOR"]
[Date "2024.04.04"]
[Round "7"]
[White "Smith, Robert M"]
[Black "Samset, Jon"]
[Result "1-0"]
[WhiteElo "1753"]
[BlackElo "1619"]
[Annotator "Lea,Per"]
[PlyCount "139"]
[EventDate "2024.01.25"]

1. e4 g6 2. d4 d6 3. Nf3 a6 4. Bc4 b5 5. Bd5 Ra7 6. Ng5 e6 7. Bb3 Nf6 8. d5 e5
9. Be3 Ra8 10. Nd2 Bg7 11. h3 O-O 12. a4 Bd7 13. axb5 Bxb5 14. c4 Be8 15. O-O
Nbd7 16. Bc2 Nh5 17. b4 Nf4 18. Ngf3 (18. Ndf3 Nf6 19. Nxe5 dxe5 20. Bc5 Qc8
21. Bxf8 Bxf8 22. c5 Nxh3+) 18... Nf6 19. Nxe5 dxe5 20. Bc5 Qc8 21. Bxf8 Bxf8
22. c5 Nxh3+ 23. gxh3 Qxh3 24. Qf3 Qh4 25. Qg3 Qh6 26. Nf3 Nh5 27. Qg5 Qg7 28.
Rfd1 Nf4 29. Kf1 Bb5+ 30. Ke1 Be2 31. Qxe5 $4 (31. Nxe5 $14) 31... Qxe5 $2 $11
(31... Qh6 $1 $19) 32. Nxe5 Bxd1 33. Rxd1 Bg7 $2 (33... a5 $14) 34. Nc6 h5 35.
d6 cxd6 36. Rxd6 h4 37. Kf1 h3 38. Kg1 g5 39. Bb3 Ne2+ 40. Kh2 g4 41. Rd8+ $2
$11 (41. e5 $1 $18) 41... Rxd8 42. Nxd8 Be5+ 43. Kh1 Bd4 44. Bxf7+ Kf8 45. Be6
Bxf2 46. Bxg4 Ng3+ 47. Kh2 Nxe4 48. c6 Be1 $2 (48... Bg3+ 49. Kxh3 Ke7 50. Ne6
Bd6 51. Bf5 Nc3 $11) 49. c7 Bg3+ 50. Kxh3 Bxc7 51. Ne6+ Ke7 52. Nxc7 Nf2+ 53.
Kg3 Nxg4 54. Kxg4 Kd6 55. Nxa6 Kc6 56. Kf4 $4 (56. Nc5 $1 Kb5 57. Nd3 Kc4 58.
Kf4 Kb5 (58... Kxd3 59. b5)) 56... Kb6 $4 (56... Kb5 $1 $11) 57. Nc5 Kb5 58.
Nd3 Kc4 59. Ke4 Kb5 60. Kd4 Kc6 61. Kc4 Kb6 62. b5 Kb7 63. Kc5 Kc7 64. Ne5 Kb7
65. b6 Kb8 66. Kb5 Kb7 67. Ka5 Kb8 68. Ka6 Ka8 69. b7+ Kb8 70. Nc6+ 1-0

[Event "Klubbmesterskapet 2024 (A)"]
[Site "Ås, Akershus NOR"]
[Date "2024.04.04"]
[Round "7"]
[White "Johansen, Anders Sten"]
[Black "Holm, Bjarne"]
[Result "1-0"]
[WhiteElo "1803"]
[BlackElo "1807"]
[PlyCount "75"]
[EventDate "2024.01.25"]

1. e4 c5 2. Nf3 Nc6 3. d4 cxd4 4. Nxd4 d6 5. Nc3 a6 6. Be3 e6 7. f3 Nf6 8. Qd2
Bd7 9. O-O-O b5 10. Kb1 Rc8 11. g4 h6 12. Rg1 Ne5 13. Qf2 Qc7 14. g5 hxg5 15.
Bxg5 b4 16. Nce2 Nc4 17. Nc1 d5 18. h4 dxe4 19. Bxc4 Qxc4 20. Bxf6 gxf6 21.
fxe4 Rh6 22. Rgf1 Bc5 23. Ncb3 e5 24. Nxc5 Qxc5 25. Qd2 Rh7 26. Nb3 Qc7 27.
Rxf6 Rxh4 28. Rdf1 Be6 29. Rg1 Ke7 30. Rff1 Rxe4 31. Qg5+ Ke8 32. Qg8+ Kd7 33.
Rxf7+ Bxf7 34. Qxf7+ Kc6 35. Rg6+ Qd6 36. Rxd6+ Kxd6 37. Qg6+ Kd5 38. Qg2 1-0

[Event "Klubbmesterskapet 2024 (A)"]
[Site "Ås, Akershus NOR"]
[Date "2024.04.04"]
[Round "7"]
[White "Andersen, Odd"]
[Black "Furnes, Torstein"]
[Result "1-0"]
[WhiteElo "1786"]
[BlackElo "1798"]
[Annotator "Furnes,Torstein"]
[PlyCount "63"]
[EventDate "2024.01.25"]

1. d4 d5 2. c4 e6 3. Nf3 Nf6 4. g3 Be7 5. Bg2 O-O 6. O-O c5 (6... dxc4 {er førstevalget til Stockfish og det mest spilte trekket hos ChessBase. Det kan f.eks. fortsette} 7. Qc2 a6 8. a4 Bd7 9. Qxc4 Bc6) 7. dxc5 Bxc5 8. Qc2 dxc4 (8... d4 $11 {er bedre.}) 9. Qxc4 Qb6 10. Nc3 Be7 $6 $16 (10... Bd7) 11. e4 ({Stockfish vil spille} 11. Ne5) 11... Bd7 12. e5 Rc8 $4 {Tapstrekket.} (12... Nd5 {var nødvendig, selv om det taper bonde.} 13. Nxd5 exd5 14. Qxd5) 13. Qh4 $1 {Dette trekket hadde jeg helt oversett. Nå må jeg bytte tårn for springer.} Rxc3 (13... Nd5 $2 14. Nxd5 Bxh4 15. Nxb6 axb6 16. Nxh4 {vinner løper for hvit.}) 14. bxc3 Nd5 15. Qd4 ({Stockfish liker bedre} 15. Bg5) 15... Bc5 16. Qd3 Bc6 17. Nd4 Be8 $2 ({Her fantes det en liten taktisk mulighet i stillingen:} 17... Nxc3 $1 18. Nxc6 Nxc6 19. Be3 (19. Qxc3 $2 Bd4) 19... Bxe3 20. fxe3 Qb2) 18. Rb1 Qc7 19. Nb5 Bxb5 20. Qxb5 Nd7 21. Bxd5 exd5 22. Qxb7 Qxb7 23. Rxb7 Nxe5 24. Bf4 Nd3 25. Rb8+ Rxb8 26. Bxb8 f5 27. Kg2 Kf7 28. Rd1 Nxf2 29. Rxd5 Ne4 30. Rd7+ Kf6 31. c4 Nc3 32. Bxa7 1-0

[Event "Klubbmesterskapet 2024 (A)"]
[Site "Ås, Akershus NOR"]
[Date "2024.04.04"]
[Round "7"]
[White "Arvola, Daniel"]
[Black "Kielland-Lund, Jon"]
[Result "1-0"]
[WhiteElo "1848"]
[BlackElo "1820"]
[PlyCount "57"]
[EventDate "2024.01.25"]

1. e4 c6 2. d4 d5 3. e5 c5 4. dxc5 e6 5. Be3 Nd7 6. f4 Nxc5 7. Nc3 Nh6 8. Nf3
Nf5 9. Bf2 h5 10. Qd2 Bd7 11. Be2 b6 12. O-O-O Be7 13. h3 b5 14. g4 Nh6 15.
Bxc5 Bxc5 16. Nxb5 Qb6 17. Nbd4 Rb8 18. c3 a5 (18... Ba3 19. Nb3 a5 20. bxa3 a4
21. Nfd4 axb3) 19. b3 Rc8 20. Kb2 Ng8 21. f5 Be7 22. fxe6 fxe6 23. Bd3 Nh6 24.
Bg6+ Nf7 25. Rhf1 Rf8 26. Ng5 Bxg5 27. Qxg5 Qd8 28. Qxh5 Qe7 29. Rf3 1-0

[Event "Konrad Timestrening våren 2024"]
[Site "Ås, Akershus NOR"]
[Date "2024.02.01"]
[Round "1"]
[White "Kvedalen, Sindre"]
[Black "Hedman, Viktor Mattias Larøi"]
[Result "1-0"]
[WhiteElo "1214"]
[BlackElo "1246"]
[PlyCount "77"]
[EventDate "2024.01.04"]

1. e4 e5 2. Nc3 Nf6 3. f4 d5 4. exd5 Nxd5 5. fxe5 Nxc3 6. bxc3 Qh4+ 7. Ke2 Qe4+
8. Kf2 Bg4 9. Be2 Qf4+ 10. Bf3 Be7 11. Ne2 Bh4+ 12. Ng3 O-O 13. Qe2 Nc6 14. d4
Qf5 15. Qe4 Qxe4 16. Bxe4 f5 17. Bd5+ Kh8 18. Kf1 f4 19. Ne4 f3 20. g3 Bh3+ 21.
Kf2 Bg2 22. Ba3 Rf5 23. gxh4 Bxh1 24. Rxh1 Nd8 25. Ng3 Rf4 26. Be7 c6 27. Bxf3
Nf7 28. Ke3 g5 29. hxg5 Rh4 30. g6 Ng5 31. Bxg5 Rh3 32. Bg4 Rxg3+ 33. hxg3 Kg7
34. gxh7 Kg6 35. h8=Q Rxh8 36. Rxh8 Kxg5 37. Rf8 Kxg4 38. e6 b5 39. e7 {
Sort ga opp} 1-0

[Event "Konrad Timestrening våren 2024"]
[Site "Ås, Akershus NOR"]
[Date "2024.03.14"]
[Round "2"]
[White "Andersen, Odd"]
[Black "Furnes, Torstein"]
[Result "1-0"]
[WhiteElo "1792"]
[BlackElo "1806"]
[Annotator "Furnes,Torstein"]
[PlyCount "107"]
[EventDate "2024.01.25"]

1. d4 d5 2. c4 e6 3. Nf3 Nf6 4. g3 Be7 5. Qc2 O-O 6. Bg2 c6 7. O-O dxc4 8. Qxc4 Nbd7 9. Nc3 Nb6 10. Qd3 Nbd5 11. a3 Qc7 12. e4 Nxc3 13. bxc3 Rd8 14. Re1 c5 15. Qc4 Bd7 16. Bf4 Qc8 17. Bg5 cxd4 18. Qxc8 Raxc8 19. cxd4 Bc6 20. d5 h6 $4 $18 (20... Be8 $16) 21. Bxf6 Bxf6 22. e5 Bxe5 23. Nxe5 Bxd5 24. Bxd5 Rxd5 25. Nf3 Rd3 26. Re3 Rd5 27. Rb1 b6 28. Kg2 Rc2 29. Rbe1 g5 30. R1e2 Rc1 31. h3 Kg7 32. Ne5 Rdd1 33. Nf3 Kf6 34. Re1 Rxe1 35. Rxe1 Rxe1 36. Nxe1 Ke5 37. Kf3 f5 38. Ke3 Kd5 39. f4 gxf4+ 40. gxf4 Kc4 41. Kd2 $11 {Etter dette trekket vurderer Stockfish stillingen som helt jevn (0.01). Hvit hadde to trekk som vinner:} ({Enten} 41. Nf3 $18) ({eller} 41. Nc2 $18 {vinner}) 41... Kb3 $2 $18 {Nå står hvit til vinst igjen.} ({Eneste remistrekk var} 41... Kd4 $1 $11) 42. Nc2 a5 43. Kd3 a4 44. Nd4+ Kxa3 45. Nxe6 $15 {Etter dette trekket mener Stockfish at svart har en liten fordel (-0.5)} ({Vinsttrekket er} 45. Kc3 $18) 45... Kb2 46. Kc4 a3 47. Nd4 a2 48. Nb3 {I denne stillingen mener Stockfish at svart har en liten fordel (-0.4).} a1=Q $4 $18 {Dette taper med en gang.} ({Partiet ender sannsynligvis remis etter} 48... h5 $11 {eller et av de fire andre alternativene nedenfor.}) (48... Kc2 $11) (48... Kb1 $11) (48... b5+ $11) (48... Ka3 $11) 49. Nxa1 Kxa1 50. Kb5 Kb2 51. Kxb6 Kc3 52. Kc5 Kd3 53. Kd5 Ke3 54. Ke5 1-0

[Event "Konrad Timestrening våren 2024"]
[Site "Ås, Akershus NOR"]
[Date "2024.04.04"]
[Round "3"]
[White "Innset-Ekkje, Amandus"]
[Black "Nicolaisen, Lars-Henrik Nystøyl"]
[Result "0-1"]
[WhiteElo "1586"]
[BlackElo "1570"]
[PlyCount "52"]
[EventDate "2024.01.25"]

1. d4 Nf6 2. c4 e6 3. Nf3 d5 4. Bg5 Be7 5. Nc3 O-O 6. e3 b6 7. cxd5 exd5 8. Bd3
Bb7 9. Rc1 Ne4 10. Bxe7 Qxe7 11. Bxe4 dxe4 12. Nd2 Rd8 13. Qc2 Na6 14. a3 c5
15. dxc5 Nxc5 16. O-O Ba6 17. Rfe1 Nd3 18. b4 Nxe1 19. Rxe1 Rac8 20. Qb2 Qe5
21. Rc1 Rd3 22. Ndb1 h6 23. h3 Rcd8 24. Qa2 Qc7 25. Rc2 Rd1+ 26. Nxd1 Rxd1# 0-1

[Event "Høstturneringen 2023"]
[Site "Ås, Viken NOR"]
[Date "2023.09.07"]
[Round "1"]
[White "Krasniqi, Isa"]
[Black "Andersen, Odd"]
[Result "1-0"]
[WhiteElo "1361"]
[BlackElo "1758"]
[PlyCount "84"]

1. e4 c6 2. d4 d5 3. e5 c5 4. Nf3 Bg4 5. Be2 e6 6. c3 Nc6 7. Be3 cxd4 8. cxd4 Bb4+ 9. Nbd2 Nge7 10. a3 Ba5 11. b4 Bc7 12. h3 Bf5 13. Bg5 Qd7 14. Nb3 b6 15. a4 Nxb4 16. O-O O-O 17. Qc1 Rac8 18. Qd1 a5 19. Bb5 Qd8 20. Rc1 h6 21. Be3 Bg6 22. Qd2 f6 23. Bf4 Nd3 24. Bxd3 f5 25. Kh2 Bh5 26. Rg1 Kh7 27. g4 Be8 28. gxf5 Nxf5 29. Rg2 Bxa4 30. Qa2 Bxb3 31. Qxb3 g6 32. Bxf5 Rxf5 33. Qe3 Qf8 34. Bxh6 Qxh6 35. Ng5+ Rxg5 36. Rxg5 Bd8 37. Rxc8 Bxg5 38. Rc7+ Kg8 39. Rc8+ Kf7 40. Rc7+ Ke8 41. Qc3 Bd8 42. Qc6+ Kf8 1-0

[Event "Høstturneringen 2023"]
[Site "Ås, Viken NOR"]
[Date "2023.09.07"]
[Round "1"]
[White "Holm, Bjarne"]
[Black "Heien, Aksel"]
[Result "1-0"]
[WhiteElo "1736"]
[BlackElo "1355"]
[PlyCount "87"]

1. e4 c6 2. Nf3 d5 3. exd5 cxd5 4. c3 Nc6 5. d4 Bf5 6. Bf4 e6 7. Nbd2 Bd6 8. Bg3 Nf6 9. Be2 O-O 10. O-O Qc7 11. Bxd6 Qxd6 12. Nh4 Bg6 13. b3 Ne4 14. Rc1 Qf4 15. Nxg6 fxg6 16. Nxe4 Qxe4 17. Bg4 e5 18. Be6+ Kh8 19. dxe5 Qxe5 20. Qxd5 Qf6 21. Bh3 Rad8 22. Qe4 Rfe8 23. Qc2 Qe5 24. g3 Qh5 25. Bg2 Re2 26. Qb1 Rdd2 27. Rce1 Qe5 28. Rxe2 Qxe2 29. Bxc6 bxc6 30. a4 Rb2 31. Qe1 Qxe1 32. Rxe1 h6 33. b4 Rc2 34. Re3 a6 35. Kg2 Kg8 36. Kf3 Kf7 37. g4 Kf6 38. h4 Rd2 39. Kg3 Rd5 40. f4 h5 41. g5+ Kf5 42. c4 Rd3 43. Rxd3 Ke4 44. Rd8 1-0

[Event "Høstturneringen 2023"]
[Site "Ås, Viken NOR"]
[Date "2023.09.07"]
[Round "1"]
[White "Smith, Robert M"]
[Black "Furnes, Torstein"]
[Result "1-0"]
[WhiteElo "1353"]
[BlackElo "1738"]
[Annotator "Smith,Robert M"]
[PlyCount "73"]
[EventDate "2023.09.07"]

1. e4 c5 2. c3 d5 3. exd5 Qxd5 4. d4 e6 5. Nf3 cxd4 6. cxd4 Nf6 7. Nc3 Qd8 8. Be2 Be7 9. O-O O-O 10. h3 {Uvanlig trekk, tanken var Bf4 Nh5 Bh2. Likte ikke Be3 Nd5 Nxd5, men er helt fint ifølge maskinen.} b6 11. Bf4 Nd5 12. Bh2 $2 (12. Nxd5 Qxd5 13. Ne5 Rd8 14. Bf3) 12... Bb7 13. Bc4 Nxc3 14. bxc3 {Mente byttet var bra for hvit, kan presse på for en fribonde. Men maskinen foretrekker svart etter dette.} Nd7 15. Qd3 Nf6 16. Bb3 Rc8 17. Ng5 Qd7 $2 (17... h6 18. Nxe6 fxe6 19. Bxe6+ Kh8 20. Bxc8 Qxc8 {Dette var planen med Ng5. Mente hvit ville ha gode muligheter med bøndene her, men maskinen foretrekker fortsatt svart}) 18. Rfe1 Qc6 19. d5 Qxc3 20. Qxc3 Rxc3 21. dxe6 {Svart undervurderer bonden og hvit har nå en solid ledelse.} Bb4 22. exf7+ Kh8 23. Be5 Rcc8 24. Red1 h6 25. Bxf6 $2 {Hvit mister mye av fordelen sin her} (25. Ne6 Rxf7 26. Nf4 {t} Rd7 27. Bxf6 Rxd1+ 28. Rxd1 gxf6 29. Rd7) 25... gxf6 26. Nf3 Be4 27. Rd4 $2 (27. Rd7) 27... Bc3 28. Rxe4 Bxa1 29. Nh4 Kh7 30. Be6 Rcd8 31. Rg4 Be5 $2 32. g3 $2 (32. Bf5+ Kh8 33. Ng6+ Kg7 34. Nxe5+) 32... h5 33. Bf5+ Kh8 (33... Kh6 34. Rg6+ Kh7 35. Rg8+ Kh6 36. Rg6+ Kh7 {Svart hadde gode sjanser for remis her}) 34. Ng6+ Kg7 35. Nxf8+ Kxf8 36. Rg8+ Ke7 37. Rxd8 1-0

[Event "Høstturneringen 2023"]
[Site "Ås, Viken NOR"]
[Date "2023.09.07"]
[Round "1"]
[White "Johansen, Anders Sten"]
[Black "Thowsen, Alf Geir"]
[Result "1-0"]
[WhiteElo "1716"]
[BlackElo "1338"]
[PlyCount "39"]
[EventDate "2023.09.07"]

1. e4 e5 2. Nf3 Nc6 3. Bc4 h6 4. d4 exd4 5. Nxd4 Nxd4 6. Qxd4 Qe7 7. O-O Qc5 8. Qd3 Qd6 9. Qb3 Qg6 10. Nc3 d6 11. Nd5 Kd8 12. Nf4 Qf6 13. Bxf7 Ne7 14. Bd2 Rb8 15. Rfe1 Nc6 16. c3 Ne5 17. Be6 Be7 18. Bxc8 Kxc8 19. Nd5 Qe6 20. Nb6+ 1-0

[Event "Høstturneringen 2023"]
[Site "Ås, Viken NOR"]
[Date "2023.09.07"]
[Round "1"]
[White "Skaret, Runar"]
[Black "Kielland-Lund, Jon"]
[Result "0-1"]
[WhiteElo "1292"]
[BlackElo "1715"]
[Annotator "Skaret,Runar"]
[PlyCount "138"]
[EventDate "2023.09.07"]

1. d4 {analysert av runar & stockfish} d5 2. Bf4 Nf6 3. Nf3 c6 {dronningbondeåpning} 4. e3 Bg4 5. Nbd2 e6 6. c3 Bd6 7. Bg3 Bxg3 8. hxg3 Nbd7 9. Bd3 e5 10. dxe5 Nxe5 11. Qc2 Nxd3+ 12. Qxd3 Qe7 13. Qd4 c5 14. Qa4+ Kf8 {jevn åpning hittil. -0,1} 15. Kf1 {rokade hadde vært bedre. -0,7} g6 16. Kg1 Kg7 17. c4 h5 18. cxd5 Nxd5 19. Qc4 Rad8 20. Ne4 {gir svart en taktisk fordel- -3,3} b5 21. Qc2 Bf5 {jon finner de rette trekkene} 22. Nfd2 Rhe8 23. Qxc5 {f3 var litt bedre, men jeg har regnet litt feil her og spiller dronninga -4,2} Bxe4 24. Qd4+ Qe5 25. Qxe5+ Rxe5 26. Nxe4 Rxe4 27. Rd1 Rd7 28. Rh4 Rxh4 29. gxh4 Kf6 30. e4 Nb6 {avbytte av tårn her er dårlig for hvit. da har jeg ingen motspill.} 31. Rc1 Ke6 32. f3 Rd2 33. Rc6+ Rd6 34. Rc7 a6 35. b3 Nd7 36. Ra7 Rc6 37. Kh2 Nc5 38. Kg3 Nd3 39. f4 Nc1 40. Kf3 Nxa2 41. g4 Nc1 42. f5+ Kf6 {stockfish ville heller ha ..gxf5, men etter å ha tenkt seg om en stund spiller det visst ikke noen rolle.} 43. Kf4 {g5+ først ville vært litt bedre. -5,4} Nd3+ 44. Ke3 Ne5 {tillater g5+, -1,6} 45. g5+ Kg7 46. f6+ Kh7 {+0,0} (46... Kg8 47. Ra8+ Kh7 48. Ra7 Re6 {denne varianten gir svart tempo til å hindre hvit å spille  Te7. jeg tror det er viktig fordi svart kan spille ..Sg4+ og så ofre hesten på f6 i bytte mot to bønder. Tårnsluttspill med fem bønder mot tre høres bra ut. -2,8}) 47. Re7 Re6 48. Ra7 {Kf4 var bedre. -1,5} Ng4+ {b4 var litt bedre. +0,0} 49. Kf4 Ne5 50. Ke3 {her burde jeg ha spilt b4  eller helst Te7. -2,1} Kg8 {..b4 var bedre. +0,0} 51. Ra8+ Kh7 52. Ra7 b4 {nå kom b4, -2,1} 53. Kf4 Nd3+ 54. Ke3 Nc5 55. Rxf7+ {Kd4 med sikte på Kd5 var bedre. -3,9} Kg8 56. Ra7 Nxe4 {..Txe4 var bedre med angrep på h4, evt Sxb3.  -0,3} 57. Ra8+ Kf7 58. Ra7+ Ke8 59. Re7+ {[%eval -32731,0]} (59. Ra8+ {dette ville beholdt remis-sjanser, men vanskelig å se hvordan hvis feks svart konge sikksakker seg mot tårnet} Kd7 60. Ra7+ Kc8 61. Ra8+ {dette ville tapt, -6,2} (61. Kd4 {dette er hva stockfish ville spilt. +0,0} Nxf6 62. gxf6 Rxf6 63. Kc5 Kd8 64. Kxb4 Rf4+ 65. Kc5) 61... Kb7) 59... Rxe7 60. fxe7 Kxe7 61. Kxe4 Ke6 62. Kd4 Kf5 63. Kd5 Kg4 64. Ke5 a5 65. Kf6 a4 66. Kxg6 a3 67. Kh6 a2 68. g6 a1=Q 69. g7 Qxg7+ 0-1

[Event "Høstturneringen 2023"]
[Site "Ås, Viken NOR"]
[Date "2023.09.07"]
[Round "1"]
[White "Lea, Per"]
[Black "Nicolaisen, Lars-Henrik Nystøyl"]
[Result "1-0"]
[WhiteElo "1681"]
[BlackElo "1255"]
[Annotator "Lea,Per"]
[PlyCount "91"]
[EventDate "2023.09.07"]

1. c4 e5 2. g3 c6 3. Bg2 d5 4. d4 exd4 5. Qxd4 dxc4 6. Qxc4 Be6 7. Qc2 Nf6 8. Nf3 Na6 9. a3 Nc5 10. Nbd2 g6 11. e4 $2 Nd3+ 12. Ke2 Nxe4 $2 (12... Nxf2 $1 13. Kxf2 Ng4+ 14. Ke1 Qb6 15. Nf1 O-O-O $19) 13. Nxe4 Bf5 14. Qxd3 Qxd3+ 15. Kxd3 Rd8+ 16. Ke2 Bxe4 17. Rd1 Rxd1 18. Kxd1 Bg7 19. Nh4 Bxg2 20. Nxg2 O-O 21. Rb1 Rd8+ 22. Ke2 Re8+ 23. Be3 a6 24. f4 b5 25. b4 a5 26. Rb3 axb4 27. axb4 Ra8 28. Rd3 Bf8 29. Bc5 Bxc5 30. bxc5 b4 31. Rb3 Ra2+ 32. Kf3 Ra3 33. Rxa3 bxa3 34. Ne3 a2 35. Nc2 f5 36. Ke3 Kf7 37. Kd4 Ke6 38. Na1 h6 39. h4 h5 40. Kc4 Kd7 41. Kb3 Ke6 42. Kxa2 Kd5 43. Nb3 Ke4 44. Na5 Kf3 45. Nxc6 Kxg3 46. Ne7 1-0

[Event "Høstturneringen 2023"]
[Site "Ås, Viken NOR"]
[Date "2023.09.07"]
[Round "1"]
[White "Hrituleac, Kosta"]
[Black "Brenden, Torbjørn"]
[Result "0-1"]
[WhiteElo "1185"]
[BlackElo "1616"]
[PlyCount "56"]
[EventDate "2023.09.07"]

1. c4 d5 2. g3 Nf6 3. Bg2 e6 4. Nf3 Be7 5. O-O O-O 6. d3 c6 7. cxd5 exd5 8. b3 Nbd7 9. Bb2 Re8 10. Nbd2 Bc5 11. Rc1 Qb6 12. h3 Bd6 13. Kh2 a5 14. d4 Qc7 15. Re1 Ne4 16. Nxe4 dxe4 17. Nh4 e3 18. f4 Bxf4 19. gxf4 Qxf4+ 20. Kg1 Qxh4 21. Rf1 Nb6 22. d5 Nxd5 23. Bxd5 cxd5 24. Qxd5 Be6 25. Qxb7 Qxh3 26. Rf3 Qg4+ 27. Kf1 Qg5 28. Qb6 Bg4 0-1

[Event "Høstturneringen 2023"]
[Site "Ås, Viken NOR"]
[Date "2023.09.07"]
[Round "1"]
[White "Larsen, Jo Ingebrigt"]
[Black "Kvedalen, Sindre"]
[Result "1-0"]
[WhiteElo "1597"]
[BlackElo "1099"]
[PlyCount "47"]
[EventDate "2023.09.07"]

1. d4 d5 2. Bf4 Nf6 3. e3 a6 4. Bd3 Nc6 5. c3 g6 6. h3 Bg7 7. Nd2 O-O 8. Ngf3 b5 9. O-O Nd7 10. e4 dxe4 11. Nxe4 Re8 12. Qc2 e5 13. Bg5 f6 14. Bh4 b4 15. cxb4 Nxb4 16. Qc4+ Kh8 17. Qxb4 Rb8 18. Qc3 exd4 19. Nxd4 Bb7 20. f3 Ne5 21. Rfd1 Nxd3 22. Rxd3 Bxe4 23. fxe4 Qd6 24. Nc6 1-0

[Event "Høstturneringen 2023"]
[Site "Ås, Viken NOR"]
[Date "2023.09.14"]
[Round "2"]
[White "Bakken, Svein-Erik"]
[Black "Holm, Bjarne"]
[Result "1/2-1/2"]
[WhiteElo "1576"]
[BlackElo "1736"]
[PlyCount "79"]
[EventDate "2023.09.07"]

1. d4 Nf6 2. c4 e6 3. Nc3 d5 4. Nf3 c5 5. Bg5 dxc4 6. e3 cxd4 7. Nxd4 Be7 8. Bxc4 a6 9. O-O O-O 10. Rc1 b5 11. Be2 h6 12. Bf4 Bb7 13. Bf3 Qb6 14. Bxb7 Qxb7 15. Qf3 Qxf3 16. Nxf3 Nh5 17. Ne2 g5 18. Bc7 Nd7 19. Rfd1 Ndf6 20. a3 b4 21. Bd6 Bxd6 22. Rxd6 bxa3 23. bxa3 Rfd8 24. Rdc6 Rd3 25. Nc3 Rad8 26. Kf1 R3d6 27. Rxd6 Rxd6 28. Nd4 Ng7 29. Ke1 Kf8 30. Rb1 Nd7 31. g4 f5 32. h3 Kf7 33. Rb7 Kf6 34. Nde2 Ne5 35. Rb1 Nd3+ 36. Kf1 Ne5 37. gxf5 exf5 38. Rb6 Rxb6 39. Nd5+ Ke6 40. Nxb6 1/2-1/2